<?xml version="1.0" encoding="UTF-8"?>
<record
    xmlns:xsi="http://www.w3.org/2001/XMLSchema-instance"
    xsi:schemaLocation="http://www.loc.gov/MARC21/slim http://www.loc.gov/standards/marcxml/schema/MARC21slim.xsd"
    xmlns="http://www.loc.gov/MARC21/slim">

  <leader>01954nam a2200253 i 4500</leader>
  <controlfield tag="003">DO-SdBNP</controlfield>
  <controlfield tag="005">20231103110407.0</controlfield>
  <controlfield tag="006">a||||gr|||| 00| 0 </controlfield>
  <controlfield tag="007">ta</controlfield>
  <controlfield tag="008">231101e1996    dr ||||| |||| 00| 0 spa d</controlfield>
  <datafield tag="040" ind1=" " ind2=" ">
    <subfield code="a">DO-SdBNP</subfield>
    <subfield code="b">spa</subfield>
    <subfield code="c">BNPHU</subfield>
    <subfield code="e">rda</subfield>
  </datafield>
  <datafield tag="082" ind1=" " ind2="4">
    <subfield code="2">22</subfield>
    <subfield code="b">R337o</subfield>
  </datafield>
  <datafield tag="245" ind1="0" ind2="0">
    <subfield code="a">Reglameto org&#xE1;nico del Ej&#xE9;rcito Nacional. /</subfield>
  </datafield>
  <datafield tag="246" ind1="1" ind2="3">
    <subfield code="a">Colecci&#xF3;n de publicaciones de la jefatura de Estado Mayor Ejercito Nacional:</subfield>
    <subfield code="b">reglamento org&#xE1;nico del Ej&#xE9;rcito Nacional.</subfield>
  </datafield>
  <datafield tag="264" ind1=" " ind2=" ">
    <subfield code="a">Santo Domingo :</subfield>
    <subfield code="b">Ej&#xE9;rcito Nacional,</subfield>
    <subfield code="c">1996</subfield>
  </datafield>
  <datafield tag="300" ind1=" " ind2=" ">
    <subfield code="a">108 p&#xE1;ginas ;</subfield>
    <subfield code="c">21 cm.</subfield>
  </datafield>
  <datafield tag="336" ind1=" " ind2=" ">
    <subfield code="2">rdacontent</subfield>
    <subfield code="a">texto</subfield>
    <subfield code="b">txt</subfield>
  </datafield>
  <datafield tag="337" ind1=" " ind2=" ">
    <subfield code="2">rdamedia</subfield>
    <subfield code="a">sin  mediaci&#xF3;n</subfield>
    <subfield code="b">n</subfield>
  </datafield>
  <datafield tag="338" ind1=" " ind2=" ">
    <subfield code="2">rdacarrier</subfield>
    <subfield code="a">volumen</subfield>
    <subfield code="b">nc</subfield>
  </datafield>
  <datafield tag="505" ind1=" " ind2=" ">
    <subfield code="a">Introducci&#xF3;n.</subfield>
    <subfield code="t">Breve historia del origen del Ejercito Nacional.--</subfield>
    <subfield code="t">De la Constituci&#xF3;n de la Rep&#xFA;blica.--</subfield>
    <subfield code="g">PRIMERA PARTE.</subfield>
    <subfield code="t">Cap&#xED;tulo I.</subfield>
    <subfield code="t">Creaci&#xF3;n y Funci&#xF3;n del Ejercito Nacional.--</subfield>
    <subfield code="g">Cap&#xED;tulo II.</subfield>
    <subfield code="t">Composici&#xF3;n y Clasificaci&#xF3;n del Ejercito Nacional.--</subfield>
    <subfield code="g">Cap&#xED;tulo III.</subfield>
    <subfield code="t">Deberes de los mandos superiores y del Estado Mayor.--</subfield>
    <subfield code="g">Cap&#xED;tulo IV.</subfield>
    <subfield code="t">Ingresos y Realistamiento.--</subfield>
    <subfield code="g">Cap&#xED;tulo V.</subfield>
    <subfield code="t">Del Estado Militar.--</subfield>
    <subfield code="g">Cap&#xED;tulo VI.</subfield>
    <subfield code="t">Superioridad Jer&#xE1;rquica y Autoritaria.--</subfield>
    <subfield code="g">Cap&#xED;tulo VII.</subfield>
    <subfield code="t">Cargo.--</subfield>
    <subfield code="g">Cap&#xED;tulo VIII.</subfield>
    <subfield code="t">Mando.--</subfield>
    <subfield code="g">Cap&#xED;tulo IX.</subfield>
    <subfield code="t">Ascensos.--</subfield>
    <subfield code="g">Cap&#xED;tulo X.</subfield>
    <subfield code="t">Traslados.--</subfield>
    <subfield code="g">Cap&#xED;tulo XI.</subfield>
    <subfield code="t">Justicia Militar y regimen disciplinario.--</subfield>
    <subfield code="g">Cap&#xED;tulo XII.</subfield>
    <subfield code="t">Condecoraciones y Conferimientos de Medallas.--</subfield>
    <subfield code="g">SEGUNDA PARTE.</subfield>
    <subfield code="g">Cap&#xED;tulo XIII.</subfield>
    <subfield code="t">Vacaciones, Licencias y Permisos.--</subfield>
    <subfield code="g">Cap&#xED;tulo XIV.</subfield>
    <subfield code="t">Administraci&#xF3;n y Sueldos.--</subfield>
    <subfield code="g">Cap&#xED;tulo XV.</subfield>
    <subfield code="t">Inspecciones.--</subfield>
    <subfield code="g">Cap&#xED;tulo XVI.</subfield>
    <subfield code="t">Vestuarios y Equipos.--</subfield>
    <subfield code="g">Cap&#xED;tulo XVII.</subfield>
    <subfield code="t">Escuelas y Centros de Instruccio.--</subfield>
    <subfield code="g">Cap&#xED;tulo XVII.</subfield>
    <subfield code="t">Banderas, Insignias e Himnos.--</subfield>
    <subfield code="g">Cap&#xED;tulo XIX.</subfield>
    <subfield code="t">Retiro Militar.--</subfield>
    <subfield code="g">Cap&#xED;tulo XX.</subfield>
    <subfield code="t">Separaciones y Bajas.--</subfield>
    <subfield code="g">Cap&#xED;tulo XXI.</subfield>
    <subfield code="t">Disposiciones Generales.</subfield>
  </datafield>
  <datafield tag="590" ind1=" " ind2=" ">
    <subfield code="a">Inventariado 2023 / MF</subfield>
  </datafield>
  <datafield tag="710" ind1="1" ind2=" ">
    <subfield code="a">Rep&#xFA;blica Dominicana.</subfield>
    <subfield code="b">Ejercito Nacional</subfield>
    <subfield code="9">58697</subfield>
  </datafield>
  <datafield tag="942" ind1=" " ind2=" ">
    <subfield code="2">ddc</subfield>
    <subfield code="c">LBS1</subfield>
  </datafield>
  <datafield tag="952" ind1=" " ind2=" ">
    <subfield code="0">0</subfield>
    <subfield code="1">0</subfield>
    <subfield code="2">ddc</subfield>
    <subfield code="5">1</subfield>
    <subfield code="7">0</subfield>
    <subfield code="8">PD</subfield>
    <subfield code="a">BNPHU</subfield>
    <subfield code="b">BNPHU</subfield>
    <subfield code="c">CT</subfield>
    <subfield code="d">2021-12-16</subfield>
    <subfield code="e">Donado por Colegio Nuestra Se&#xF1;ora de la Lourdes</subfield>
    <subfield code="l">0</subfield>
    <subfield code="o">R337o</subfield>
    <subfield code="p">2023-7551</subfield>
    <subfield code="r">2023-11-01</subfield>
    <subfield code="w">2023-11-01</subfield>
    <subfield code="y">LBS1</subfield>
  </datafield>
  <datafield tag="999" ind1=" " ind2=" ">
    <subfield code="c">55377</subfield>
    <subfield code="d">55377</subfield>
  </datafield>
</record>
